000 00622nam a2200229 a 4500
001 093474
003 BD-ChCU
005 20230204170223.0
008 2010s2016 abg b 001 eng
020 _a978 984 33 0917 4
040 _aDLC
_cDLC
_dBD-ChCU
082 0 0 _a327.1/F736
100 1 _a
_c
245 0 0 _a40years of Bangladesh way forward (V.1) :
_cDemocracy and Governance.
_c
250 _aed
260 _aDhaka
_cThe Daily star
_c2010
300 _a283pg
504 _aIncludes index and bibliograpy.
650 0 _aForeign policy
_cForeign policy
700 1 _aAnam, Mahfuz.
942 _2ddc
_cBK
999 _c93474
_d93474